minecraft overworld hostile mobs - Statistics

General Stats
  • This quiz has been taken 38 times
  • The average score is 21 of 26
Answer Stats
Picture Answer % Correct
skeleton
100%
creeper
96%
enderman
96%
slime
96%
spider
96%
witch
96%
cave spider
93%
pillager
93%
zombie
89%
guardian
82%
husk
82%
elder guardian
79%
phantom
79%
silverfish
79%
wither
79%
drowned
75%
ravager
75%
warden
75%
zombie villager
75%
evoker
71%
spider jockey
71%
vex
71%
chicken jockey
68%
stray
68%
vindicator
57%
skeleton horseman
43%
No matching quizzes found
Score Distribution
Percent of People with Each Score
Percentile by Number Answered
Your Score History
You have not taken this quiz